| 000 | 01244nam1a2200313 i 4500 | ||
|---|---|---|---|
| 001 | RU\NLR\bibl\1469808 | ||
| 005 | 20260406071343.0 | ||
| 035 | _a(NLR Aleph) 001461516 | ||
| 090 |
_a1586368 _c1586368 |
||
| 100 | _a20100208g20089999u y0rusy50 ca | ||
| 101 | 1 |
_arus _ceng |
|
| 102 | _aRU | ||
| 105 | _a||||z ||||| | ||
| 200 | 1 |
_aПуть к величию _eот монаха, который продал свой "феррари" _eвоспитай в себе лидера _fРобин Шарма _g[пер. с англ.: Е. Стародуб] |
|
| 210 |
_aМосква _cСофия _d2008 |
||
| 215 | _d18 | ||
| 300 | _aЗагл. и авт. ориг.: The greatness guide / Robin Sharma | ||
| 454 | 0 |
_12001#$aThe greatness guide _1700#1$3RU\NLR\auth\7782527$7ba$aSharma$bR. S.$gRobin S.$4070 _tThe greatness guide _aSharma, Robin S. |
|
| 463 | 0 | _10011352592 | |
| 606 |
_aДуховные практики _92140377 _3RU\NLR\auth\661290122 |
||
| 686 | _aЮ969 | ||
| 686 | _aЮ937.231 | ||
| 700 | 1 |
_4070 _8rus _7ca _aШарма _bР. С. _f1965- _gРобин С. _3RU\NLR\auth\7727943 _910974 |
|
| 801 | 0 |
_aRU _bNLR _c20100208 _gRCR |
|
| 801 | 1 |
_aRU _bNLR _c20100208 |
|
| 852 |
_aNLR _j2009-2/2085 |
||
| 942 | _cBOOK | ||